000 00782nam a2200229 a 4500
001 22842
003 CO-ViMGA
008 141112s2004 ck r 000 u spa d
020 _a8497325311
040 _aCO-ViMGA
_bspa
_cCO-ViMGA
082 0 4 _a658.3 E51g
100 1 _aEnna Ventura, Belén
_932700
245 1 0 _aGestión administrativa de personal
260 _aEspaña :
_bThomson
300 _a239p.
505 _aLa empresa, El departamento de personal, La gestion de personal, La administracion personal, Introduccion al derecho de trabajo, El contrato de trabajo, El salario, Simulacion
650 1 4 _aADMINISTRACION DE EMPRESA
_932701
650 1 4 _aADMINISTRACION DE PERSONAL
650 1 4 _aPERSONAL - DIRECCION
_94301
650 1 4 _aRECURSOS HUMANOS
942 _2ddc
_cBK
999 _c31137
_d31137